000 00452pab a2200169 454500
008 180718b2012 xxu||||| |||| 00| 0 eng d
100 _aEapen, Mridul
245 _aReview of women's studies: Gendering the twelfth plan: A feminist perspective
260 _c2012
300 _ap.42-49.
362 _a28 Apr
650 _aWomens studies
700 _aMehta, Aasha Kapur
773 _aEconomic and Political Weekly
908 _aN
909 _a95761
999 _c95761
_d95761